Urgent attention needed for Scotland's flats (Record no. 70526)

MARC details
000 -LEADER
fixed length control field 01082cam a2200217 4500
001 - CONTROL NUMBER
control field WB3822-13
008 - FIXED-LENGTH DATA ELEMENTS--GENERAL INFORMATION
fixed length control field 020620n2002 000 0 eng u
035 ## - SYSTEM CONTROL NUMBER
System control number (Sirsi) u118471
245 ## - TITLE STATEMENT
Title Urgent attention needed for Scotland's flats
260 ## - PUBLICATION, DISTRIBUTION, ETC.
Date of publication, distribution, etc. 2002
490 ## - SERIES STATEMENT
Series statement RICS Scotland News Release
Volume/sequential designation 20 June 2002, (2)
520 ## - SUMMARY, ETC.
Summary, etc. Scottish Executive's Review of Private Sector Housing is welcomed by Scottish Chartered Surveyors. They argue that problems of management of flatted properties which are most often in disrepair can be best solved by the introduction of management schemes. RICS Scotland also argues that it would be helpful to review the grant system to include compusory conditions about ongoing maintenance. For the RICS Scotland News Release: http://www.rics-scotland.org.uk/rics_media.html
590 ## - LOCAL NOTE (RLIN)
Local note WB
650 ## - SUBJECT ADDED ENTRY--TOPICAL TERM
Topical term or geographic name entry element ABOUT RICS-RICS WORLDWIDE-RICS SCOTLAND
650 ## - SUBJECT ADDED ENTRY--TOPICAL TERM
Topical term or geographic name entry element PRIVATE SECTOR HOUSING
650 ## - SUBJECT ADDED ENTRY--TOPICAL TERM
Topical term or geographic name entry element HOUSING IMPROVEMENT TASKFORCE
650 ## - SUBJECT ADDED ENTRY--TOPICAL TERM
Topical term or geographic name entry element FLATS
650 ## - SUBJECT ADDED ENTRY--TOPICAL TERM
Topical term or geographic name entry element Refurbishment
9 (RLIN) 6264
690 ## - LOCAL SUBJECT ADDED ENTRY--TOPICAL TERM (OCLC, RLIN)
Topical term or geographic name as entry element HOUSING-PRIVATE RENTED SECTOR
942 ## - ADDED ENTRY ELEMENTS (KOHA)
Suppress in OPAC 0
Holdings
Withdrawn status Lost status Source of classification or shelving scheme Damaged status Not for loan Home library Current library Shelving location Date acquired Total Checkouts Full call number Barcode Date last seen Copy number Price effective from Koha item type
    Dewey Decimal Classification     London London News article 20/06/2002   WB3822-13 118471-1001 06/08/2019 1 06/08/2019 News article